LEADER 01040nam0-22003611i-450- 001 990003105790403321 010 $a0-415-12047-0 035 $a000310579 035 $aFED01000310579 035 $a(Aleph)000310579FED01 035 $a000310579 100 $a20000920d1995----km-y0itay50------ba 101 0 $aita 102 $aIT 200 1 $aInternational Political Economy$ePerspectives on Global Power and Wealth$fJeffrey A.Frieden, David A. Lake. 205 $a3rd ed. 210 $aLondon$aNew York$cRoutledge$d1995. 215 $aX, 546 p.$d23 cm 610 0 $aEconomia internazionale$aStudi generali 610 0 $aPolitica economica internazionale 676 $aM/5 676 $aO/1.0 676 $aO/1.22 702 1$aFrieden,$bJeffry A.$g 702 1$aLake,$bDavid A. 801 0$aIT$bUNINA$gRICA$2UNIMARC 901 $aBK 912 $a990003105790403321 952 $aO/1.0 FRI$b15675$fSES 959 $aSES 996 $aInternational Political Economy$9461672 997 $aUNINA DB $aING01 LEADER 01556nam 2200385Ia 450 001 996395828103316 005 20221108035919.0 035 $a(CKB)4330000000311341 035 $a(EEBO)2240908715 035 $a(UnM)99896101 035 $a(UnM)9928857600971 035 $a(EXLCZ)994330000000311341 100 $a19931005d1649 uy | 101 0 $aeng 135 $aurbn||||a|bb| 200 12$aA declaration of the noble knights, Sir Marmaduke Langdale, and Sir Lewis Dives$b[electronic resource] $ein vindication of the Right Honourable, James, Earle of Darby: and remonstrating their resolutions to keep the Isle of Man, against all opposition, for His Majesties service. August the 5th. 1649 210 $aLondon $c[s.n.]$dprinted in the yeare, 1649 215 $a[2], 5, [1] p 300 $aAnnotation on Thomason copy: "August 20.". 300 $aReproduction of original in the Folger Shakespeare Library. 330 $aeebo-0055 607 $aIsle of Man$xHistory$y17th century$vEarly works to 1800 607 $aGreat Britain$xHistory$yCommonwealth and Protectorate, 1649-1660$vEarly works to 1800 700 $aLangdale$b Marmaduke Langdale$cBaron,$f1598?-1661.$01008422 702 $aDyve$b Lewis$cSir,$f1599-1669.$4aut 801 0$bCu-RivES 801 1$bCu-RivES 801 2$bUk-ES 801 2$bCStRLIN 801 2$bCu-RivES 801 2$bWaOLN 906 $aBOOK 912 $a996395828103316 996 $aA declaration of the noble knights, Sir Marmaduke Langdale, and Sir Lewis Dives$92380346 997 $aUNISA